000 00386nam a2200145Ia 4500
008 230917s9999||||xx |||||||||||||| ||und||
040 _e46536
_aMAIN
041 _aEnglish
082 _a821.8 E46L:T
100 _aLee, Brian
245 0 _aTheory and personality: The significance of T S Eliot's criticism
260 _aLondon
_bAthlone Press
_c1979
300 _a148 p.
942 _cBK
999 _c225482
_d225482